000 01769nam a2200241Ia 4500
001 b6495-46458
003 IT-MiCISF
005 20240912161440.0
008 161014s9999||||xx |||||||||||||| ||und||
040 _aIT-MiCISF
_cIT-MiCISF
041 _ait
100 _aBoffi Pietro (a cura di)
_959835
245 0 _aConvivenze e matrimonio cristiano.
_bTra realismo e annuncio di fede
260 _a Milano,
_bPaoline,
_c2009
300 _app. 132
500 _a / convivenza, matrimonio-sacramento, pastorale-familiare /
520 _a Il fenomeno delle convivenze, pone alla Chiesa una questione tipicamente pastorale. Come immaginare una pratica pastorale che sappia tenere conto della posta in gioco, senza sacrificare nessuno dei valori che dicono l'identità cristiana e ne custodiscono la fede? Il libro fornisce le coordinate principali e qualche utile indicazione pratica, perché gli operatori pastorali possano affrontare con equilibrio i delicati problemi che la presenza di coppie già conviventi pone alla dinamica dei corsi prematrimoniali, rifuggendo i due estremi: un atteggiamento di condanna e rifiuto o una accettazione silenziosa del dato di fatto.Viene innanzitutto tracciato il profilo sociologico delle motivazioni dei conviventi (F. Belletti); vengono quindi fornite le coordinate teologiche ed ecclesiali (A. Fumagalli). Sono poi proposte alcune piste per presentare l'annuncio cristiano sulla sessualità, l'affettività, la corporeità (G. Grandis). Infine una serie di suggerimenti per un più efficace "accompagnamento" dei conviventi (L. Bressan).
650 _aMatrimonio
_e012
654 _asaggio
700 _aAnfossi G., Belletti F., Bressan L., Fumagalli A., Grandis G., Nicolli S.
_960550
942 _cBK
_2ddc
999 _c210544
_d210544
999 _bsi